Yolların sonu/ (Record no. 13997)

MARC details
000 -BAŞLIK
Sabit Uzunlukta Kontrol Alanı 00600nam a22002057a 4500
999 ## - SİSTEM KONTROL NUMARALARI (KOHA)
Koha Biblionumber 13997
Koha Biblioitemnumber 13997
003 - KONTROL NUMARASI IDENTIFIER
Denetim Alanı MIRAKIL
005 - SON İŞLEM TARİHİ VE ZAMANI
Denetim Alanı 20200827115051.0
008 - SABİT-BOY VERİ ELEMANLARI - GENEL BİLGİLER
Sabit Uzunlukta Kontrol Alanı 200827b tu ||||| |||| 00| 0 tur d
040 ## - KATALOGLAMA KAYNAK
Orijinal Kataloglama Ajansı TR-AnCHP
Metne Dönüştürmek Ajansı TR-AnCHP
041 ## - DİL KODU
Metin / Ses Parça Veya Ayrı Başlığın Dil Kodu tur
082 ## - DEWEY ONLU SINIFLANDIRMA NUMARASI
Sınıflandırma Numarası 811.42
Ürün Numarası A77y 1986
100 ## - ANA GİRİŞ - KİŞİSEL İSİM
Kişisel Ad Atsız, Hüseyin Nihal
245 10 - BAŞLIK TABLOSU
Başlık Yolların sonu/
Sorumluluk Tablosu, Vb Hüseyin Nihal Atsız.
250 ## - EDITION TABLOSU
Baskı Beyanı 6 bs.
260 ## - YAYIN, DAĞITIM, VB
Yayın, Dağıtım, Vb Yeri İstanbul:
Yayıncı, Dağıtıcı, Vs Adı Ötüken Neşriyat,
Yayın, Dağıtım, Vb Tarihi 1986.
300 ## - FİZİKSEL TANIM
Kapsam 108 s.:
Boyutlar 19 sm.
490 0# - SERİSİ TABLOSU
Seri Beyanı Ötüken Neşriyat;
-- Edebi eserler;
Hacim / Ardışık Tanımı Yayın ; no: 84.
-- 38.
650 #0 - KONU KATMA GİRİŞ - TOPİKAL DÖNEM
9 (RLIN) 19
Topikal Süreli Veya Coğrafi Ad Giriş Elemanı Türk edebiyatı
Genel Alt Bölümü Şiirler
942 ## - EKLENDİ GİRİŞ ELEMANLARI (KOHA)
Sınıflandırma Veya Raf Düzeni Kaynak Dewey Decimal Classification
Koha Öğesi Türü Books
Holdings
Kalıcı Konum Mevcut Konum Edinme Tarihi Toplam Check-Out'Lar Tam Çağrı Numarası Barkod Tarih Son Görülme Tarihi Geçen Teslim İtibaren Geçerli Fiyatlar Sigara Kamu Notu Koha Öğesi Türü
CHP Kütüphanesi CHP Kütüphanesi 08/27/2020 1 811.42 A77y 1986 019486 04/19/2021 02/17/2021 08/27/2020 Emine Başak Alkan Bağışıdır. Books